| 000 | 00840nam a22002177a 4500 | ||
|---|---|---|---|
| 999 |
_c1259 _d1259 |
||
| 003 | AR-CdUCM | ||
| 008 | 190226b ||||| |||| 00| 0 spa d | ||
| 040 |
_aMUNICIPALIDAD PROVINCIAL DEL CUSCO _cBIBLIOTECA MUNICIPAL DEL CUSCO |
||
| 082 |
_a220 / _bP42 |
||
| 100 |
_aPenco, Juan Bautista p. _94890 |
||
| 245 |
_aLa asistencia social a la luz del evangelio / _cP. Juan Bautista Penco |
||
| 260 |
_aMadrid : _bCatolica, |
||
| 300 |
_a166 paginas ; _c17 cm. |
||
| 505 | _aLa encarnación -- La incorporación de jesus a la sociedad de su tiempo y en la humanidad de todos los tiempos -- El concepto de asistencia integral en el evangelio ... | ||
| 650 |
_aEvangelio _94891 |
||
| 650 |
_aEncarnación _94892 |
||
| 650 |
_aCualidades y actitudes _94893 |
||
| 650 |
_aCuestión social _94894 |
||
| 942 |
_2ddc _cLIBROS |
||
| 945 |
_aacv _d2019-02-26 |
||